MARC

LEADER 00000nam0a2200000 4500
001 24573
005 20250527175008.0
010 |a 589493009X 
035 |a (RuTPU)RU\TPU\book\24802 
035 |a BOOK00002567 
090 |a 24573 
100 |a 20011209d2000 m y0rusy50 ca 
101 1 |a rus  |c ger 
102 |a RU 
105 |a y z 001zy 
200 1 |a Россия - многонациональная империя: возникновение, история, распад  |e пер. с нем.  |f А. Каппелер 
210 |a Москва  |c Прогресс-Традиция  |d 2000 
215 |a 344 с. 
320 |a Библиогр.: с. 333-342. 
320 |a Хронологический указатель: с. 300-308. 
606 |a Национальная политика России  |x История  |9 81509 
610 1 |a Россия 
610 1 |a Древняя Русь 
610 1 |a средние века 
610 1 |a Золотая орда 
610 1 |a Сибирь 
610 1 |a Степь 
610 1 |a Украина 
610 1 |a 17 век 
610 1 |a 18 век 
610 1 |a 19 век 
610 1 |a Российская империя 
610 1 |a национальные отношения 
610 1 |a национальная политика 
610 1 |a 20 век 
610 1 |a СССР 
686 |a Т3(2)-3  |2 rubbk 
700 1 |a Каппелер  |b А.  |g Андреас 
801 0 |a RU  |b 63413507  |c 20011209  |g PSBO 
801 2 |a RU  |b 63413507  |c 20120828  |g PSBO 
850 |a 63413507 
942 |c BK